Statystyki dla Herby niemieckich krajów związkowych

Kliknij tutaj aby rozwiązać quiz!

Ogólne statystyki

  • Ten quiz został rozwiązany 9 razy
  • Średni wynik to 10 z 16

Statystyki odpowiedzi

Odpowiedź% Poprawnych
Bawaria
100%
Berlin
88%
Brema
88%
Hamburg
88%
Saksonia
88%
Hesja
75%
Saara
63%
Saksonia-Anhalt
63%
Turyngia
63%
Brandenburgia
50%
Nadrenia-Palatynat
50%
Badenia-Wirtembergia
38%
Dolna Saksonia
38%
Meklemburgia-Pomorze Przednie
38%
Nadrenia Północna-Westfalia
38%
Szlezwik-Holsztyn
38%

Rozkład punktacji

Percentyl według liczby udzielonych odpowiedzi

Procent ludzi z każdym wynikiem

Twoja historia wyników

Nie rozwiązałeś tego quizu